00793cam a22002174a 450000500170000000800390001702000150005602000190007104000500009004100080014010000220014824501210017026000540029130000600034550400530040565000130045865000270047165000300049865000220052865000250055020150126093725.0150126s2005 enkad fr 001 0 eng a0470012188 a9780470012185  aCO-BoUCMbspacJose A. GerenadJose A. Gerena0 aeng1 aGeman, Hélyette10aCommodities and commodity derivatives bmodelling and pricing for agriculturals, metals, and energy cHelyette Geman aWest Sussex (Inglaterra)bJohn Wiley & Sonsc2005 axvii, 396 páginasbilustraciones, cuadros, gráficas aIncluye referencias bibliográficas e índices 7aPrecios  7aProducción xPrecios 7aMaterias primas xPrecios 7aMetales xPrecios 7aPrecios agrícolas